Top 15 Most Sold Xbox 360 Games - Statistics

General Stats
  • This quiz has been taken 852 times
  • The average score is 5 of 15
Answer Stats
Rank Game % Correct
5 Halo 3
70%
2 Call Of Duty: Black Ops
56%
11 Call Of Duty: Modern Warfare
50%
9 Minecraft
47%
14 Halo: Reach
43%
7 Gears Of War
40%
4 Call Of Duty: Modern Warfare 2
39%
10 Grand Theft Auto 4
32%
3 Call Of Duty: Modern Warfare 3
31%
8 Gears Of War 2
30%
15 Gears Of War 3
27%
13 Call Of Duty: World At War
24%
6 Skyrim
24%
1 Kinect Adventures
14%
12 Fable 2
10%
No matching quizzes found
Score Distribution
Percent of People with Each Score
Percentile by Number Answered
Your Score History
You have not taken this quiz